00685nam a22002057a 450000500170000000800410001702000150005805000210007324500930009425000110018726000490019830000280024750400310027550600230030665000160032965000370034565000260038271000300040871000410043820180823104049.0050928t2005 sz 000 0 eng d a924157231004aRA1190bE58 200500aEnvironmental health criteria /cfirst draft prepared by Zoltán Adamis, József Fodor a1a ed. aGeneva : bWorld Health Organization, c2005 axvi, 175 p. ; c21 cm. aBibliografias : p. 141-159 2Bib. Med. ISO 2018 4aToxicologia 4aContaminación xMedio ambiente 4aSaneamiento ambiental2 aWorld Health Organization2 aUnited Nations Environment Programme